[Event "SRB Central-ch op-A 9th"]
[Site "Paracin"]
[Date "2016.07.14"]
[Round "9"]
[White "Atalik, Suat"]
[Black "Cabarkapa, Novak"]
[Result "1/2-1/2"]
[WhiteElo "2564"]
[BlackElo "2424"]
[Annotator "Atalik,S"]
[PlyCount "65"]
[EventDate "2016.07.07"]
[EventType "swiss"]
[EventRounds "9"]
[EventCountry "SRB"]
[SourceTitle "CBM 174"]
[Source "ChessBase"]
[SourceDate "2016.09.13"]
[SourceVersion "1"]
[SourceVersionDate "2016.09.13"]
[SourceQuality "1"]

1. d4 Nf6 2. Nf3 g6 3. g3 Bg7 4. Bg2 O-O 5. O-O d6 6. a4 $5 (6. b3 {is the
most popular among all variations avoiding the King's Indian Defence.}) 6... a5
7. Nc3 d5 (7... Nbd7 8. e4 e5 9. Be3 $5 $36) 8. Re1 c6 9. e4 dxe4 10. Nxe4 Nxe4
11. Rxe4 Bf5 12. Re1 (12. Rh4 $2 h5) 12... Nd7 {I have always thought that
this position is much better for White.} 13. c3 $6 (13. Ra3 $1 e5 14. Rae3 $40
{is the only way to proceed in this opening in my humble opinion.}) (13. Bf4
Nb6 $13) (13. Nh4 Be6 14. c3 (14. d5 $6 cxd5 15. Bxd5 Bxd5 16. Qxd5 Rc8) 14...
Bc4 15. Bg5 Re8 16. Qc2 h6 17. Be3 e5 $13) (13. Bg5 Re8 14. c3 Qb6 $132) 13...
e5 $1 14. dxe5 Nxe5 15. Nxe5 Qxd1 (15... Bxe5 $5) 16. Rxd1 Bxe5 17. Be3 Bc7 (
17... Rfe8 $5) 18. Bf3 Rad8 19. Kg2 Rxd1 20. Rxd1 Rd8 21. Rc1 Be5 22. b4 (22.
h4) (22. Re1 $5) 22... Rd3 $1 $11 {Black equalises at once thus I could not
have won the tournament but I had made a prize in Paracin after two years.} (
22... axb4 23. cxb4 Bb2 24. Rc4 (24. Rh1 Bc2) 24... Bd3 25. Rc5 Ba3 26. Ra5
Bxb4 27. Ra7 $44) 23. bxa5 Rxc3 24. Rxc3 (24. Re1 Rc4) (24. Rd1 Bd3) 24... Bxc3
25. a6 bxa6 26. Bxc6 Bd3 27. Bc5 f6 28. Kf3 Bd2 29. Be3 Bc3 30. Bc5 Bd2 31. Be3
Bc3 32. Bb6 Bd2 33. Be3 1/2-1/2

[Event "Gibraltar Masters"]
[Site "Caleta"]
[Date "2005.01.26"]
[Round "2"]
[White "Cramling, Pia"]
[Black "Avrukh, Boris"]
[Result "0-1"]
[WhiteElo "2481"]
[BlackElo "2629"]
[Annotator "Avrukh,B"]
[PlyCount "74"]
[EventDate "2005.01.25"]
[EventType "swiss"]
[EventRounds "10"]
[EventCountry "GGB"]
[SourceTitle "CBM 104 Extra"]
[Source "ChessBase"]
[SourceDate "2005.03.01"]
[SourceVersion "1"]
[SourceVersionDate "2005.03.01"]
[SourceQuality "1"]

1. d4 Nf6 2. Nf3 g6 3. g3 Bg7 4. Bg2 O-O 5. O-O d6 6. a4 {A tricky sideline
usually played with idea to avoid main lines of KingsIndian .} Na6 {[%cal
Gc7c5] In my opinion the most logical reaction to White's previous move.Black
is going to play c7-c5 ,also in some lines black's knight might jump to
b4-square.} 7. Nc3 c5 (7... d5 $5 {[%csl Gc3] might be an interesting
alternative.}) 8. e4 Bg4 9. Be3 ({The alternaitve is} 9. d5 Qc8 {[%csl Gh3]} (
9... Nc7 $143 10. h3 Bxf3 11. Qxf3 e6 12. dxe6 fxe6 13. Qe2 $14 {1-0 Alvarez
Peon,R-Suarez Real,A/Gijon 1999/EXT 2001 (37)}) 10. Bf4 Nc7 (10... Rd8 $142 {
[%cal Ge7e6]}) 11. Qd2 Rd8 12. Rfe1 a6 13. a5 Nb5 14. Na4 Qc7 15. Nb6 Rab8 16.
c3 Nd7 17. Nc4 $14 {1/2-1/2 Velikov,P-Rashkovsky,N/Frunze 1983/MCD (20)}) ({
Certainly} 9. h3 Bxf3 10. Bxf3 cxd4 11. Qxd4 Nd7 {leads to very comfortable
position for Black.}) 9... Qc8 $1 $146 {[%mdl 8] In my opinion this logical
reply clearly improves on Black's play.Obviously White was happy to play 10 h3
getting rid of annoying pin along d1-h5 diagonal,so the idea behind my last
move is to prevent it.After the game , i was really surprised to discover,
that this position has been occured in Cramling's game ,where she has Black.
Despite winning this encounter,most probably she faced some problems in the
opening part of the game.} (9... Nd7 $143 10. h3 Bxf3 11. Bxf3 Nc7 12. Bg2 cxd4
13. Bxd4 Bxd4 14. Qxd4 Re8 15. Qe3 Ne6 16. Nd5 Nc7 17. a5 Nxd5 18. exd5 Qc7 19.
Rfc1 Qc5 20. Qe1 Qd4 21. c3 Qf6 22. Qd1 Rac8 23. Ra4 $14 {0-1 Astrom,
R-Cramling,P/Sweden 1999/EXT 2002 (39)}) 10. Qd2 (10. d5 Nb4 11. Re1 e6 $132)
10... Rd8 {[%cal Gd8d2]} (10... Nb4 11. dxc5 dxc5 12. Ne5 Rd8 13. Qc1 $13) 11.
Rfe1 Nb4 12. dxc5 $6 {I don't like this decision,since it significantly eases
Black's play.} ({The natural} 12. d5 {should be a critical continuation.} {
During the game i intented to react with} e6 13. dxe6 fxe6 {[%cal Gd6d5]} ({
Natural} 13... Qxe6 {runs into} 14. Ng5 Qe7 15. h3 Bd7 {[%cal Gd7c6]} 16. Bf4
$1 (16. Nd5 Nbxd5 17. exd5 Qf8 $11 {[%cal Gh7h6]}) 16... h6 $140 (16... Bc6 17.
Nd5 $1) 17. Nd5 Nbxd5 18. exd5 Qf8 19. Ne6 $1 fxe6 20. dxe6 $16) (13... Bxe6 $5
14. Rad1 d5 15. Bg5 d4 16. Nb5 {[%cal Ch7h6,Ch6g5,Ge4e5]} Rd7 $13) {but after
correct} 14. Bg5 {we get a very complex game.} (14. h3 $143 Bxf3 15. Bxf3 d5))
12... dxc5 13. Qc1 {[%cal Gf3e5]} (13. Qe2 {is strongly met by} Nc6 $1 (13...
Nd7 14. h3 Bxf3 15. Bxf3 e6 16. Bg2 Nc6 17. f4 $14) 14. Bxc5 $140 Nd7 15. Be3
Bxc3 16. bxc3 Nce5 17. Bd4 Nxf3+ 18. Bxf3 Bxf3 19. Qxf3 e5 20. Be3 Qxc3 $15 {
[%csl Ga4,Gc2]}) 13... Nc6 $1 14. Bg5 (14. Bxc5 $140 $2 Bxf3 15. Bxf3 Ne5 $19 {
[%csl Gc5,Gf3]}) (14. Nd2 $5) 14... Nd7 (14... Qe6 {didn't appeal to me during
the game in view of} 15. Nd5 $1 Nxe4 16. Nc7 Qf5 {[%csl Gf2,Gf3]} 17. Bf4 Rac8
18. Nh4 Qd7 19. Bxe4 Rxc7 20. Bxc7 Qxc7 $14) 15. Nd5 Re8 {During the game i
felt ,that i shouldn't play 15..f6 ,since it will close my bishop .} ({
Meanwhile} 15... f6 {was very interesting , allowing Black to seize some
initiative.} 16. Bh6 ({or} 16. Be3 e6 17. Nc3 Bxf3 $1 (17... Nde5 18. Nxe5 Nxe5
19. Bh6 $11) 18. Bxf3 Nde5 19. Bg2 Nd4 $15) 16... Bxf3 17. Bxf3 e6 18. Bxg7
Kxg7 19. Ne3 Nde5) 16. Nd2 {[%csl Gg4]} h6 $6 ({I wrongly rejected} 16... Nde5
$142 {because of} 17. f4 (17. f3 Bh3 18. Bxh3 Qxh3 19. Nc7 Red8 $1 {[%csl Gf3]
[%cal Gd8d2]}) {missing a very strong idea} 17... f6 $1 18. Bh4 Nf7 {[%csl Gh4]
and White's dark-squared bishop is in trouble.}) 17. Be3 g5 {Preparing the
luft for my light-squared bishop.} 18. f3 (18. h3 $142 Bh5 19. f4 {was called
for} e6 20. Nc3 gxf4 21. gxf4 Nd4 22. e5 {[%csl Gd6][%cal Gd2e4]} f6 23. Nde4
Rf8 $1 {with very complicated play.}) 18... Bh5 19. Bf2 $2 {Too passive} ({
Still} 19. f4 $142 {was the best option (only without h3-move)}) 19... e6 20.
Ne3 Qc7 $15 {[%csl Gf4] The arising position is clearly favours Black,he has a
lot of good squares for his piecies , while White piecies are lack of
coordination.} 21. Ra3 Rad8 22. Nec4 b6 {[%cal Ga7a6,Gb6b5] Preparing a6
following by b5 ,driving away White's knight.} 23. Rd3 {[%csl Gd6] Usually
it's a good idea to exchange some piecies, when your opponent has a space
advantage.} Nde5 24. Rxd8 Rxd8 25. Re3 (25. Be3 $142 a6 26. Rf1 $15) 25... Qd7
$1 $17 {Very strong move,Black not only takes control over d-file,but also
a4-pawn can be a target,after Black's knight will jump to b4.} 26. b3 (26. Nxe5
Nxe5 {[%csl Ga4,Gd2]}) 26... Nb4 27. Bf1 (27. Re1 {would be more stubborn})
27... Nxc4 28. Nxc4 Bd4 29. Re2 $2 $138 {This loses on the spot.} (29. g4 Bxe3
30. Bxe3 Bg6 31. Qb2 Nc6 32. Qf6 Qe7 $1 $19) (29. Re1 $142 Na2 $1 (29... Bxf3
$140 30. c3 Na2 (30... Bxf2+ $140 $2 31. Kxf2 Nd3+ 32. Bxd3 Qxd3 33. Ne5 $18)
31. Qb2 Nxc3 32. Bxd4 Qxd4+ 33. Re3 $14) 30. Qa3 Nc3 31. g4 Bg6 32. Qc1 $17)
29... Bxf3 $19 {Now it's over White loses material.} 30. Rd2 {[%cal Gc4e5]}
Bxe4 31. Qe1 (31. c3 Bxf2+ 32. Kxf2 Nd5 $19) 31... Ba8 (31... Bxf2+ 32. Kxf2
Bd5 $19) 32. Bxd4 (32. Rxd4 cxd4 33. Qxb4 Qd5 $19 {[%csl Gh1]}) 32... cxd4 33.
Ne5 Qc7 34. Ng4 Qc5 {[%csl Gg1][%cal Gd4d3]} 35. Rf2 Kg7 36. Ne5 f5 37. Bc4
Nxc2 $1 (37... Nxc2 38. Rxc2 d3+ 39. Rf2 d2 40. Qd1 Qxe5 $19) 0-1

[Event "Kottnauer Memorial"]
[Site "Prague"]
[Date "1996.??.??"]
[Round "7"]
[White "Blatny, Pavel"]
[Black "Smejkal, Jan"]
[Result "1-0"]
[WhiteElo "2515"]
[BlackElo "2510"]
[Annotator "Blatny,P"]
[PlyCount "87"]
[EventDate "1996.06.??"]
[EventType "tourn"]
[EventRounds "10"]
[EventCountry "CSR"]
[EventCategory "12"]
[SourceTitle "CBM 054"]
[Source "ChessBase"]
[SourceDate "1996.10.01"]
[SourceVersion "1"]
[SourceVersionDate "1996.10.01"]
[SourceQuality "1"]

1. Nf3 {Stohl} Nf6 2. b3 g6 3. Bb2 Bg7 4. g3 c5 (4... O-O {Stohl} 5. Bg2 d5 6.
O-O c5 7. d4 cxd4 8. Nxd4 Nc6 (8... Re8 $5 9. Na3 e5 10. Nf3 Nc6 11. c4 d4 12.
Nc2 Bf5 13. Re1 Qd7 $17 {[%csl Gd4,Ge5] ()[+],Heinzel,O-Buturin,V/Pardubice op/
1996/}) 9. c4 Nxd4 10. Bxd4 dxc4 11. bxc4 Qc7 12. Qb3 Rd8 13. Bc3 Be6 14. Na3
Rab8 15. Rac1 a6 16. Qb2 Ne8 17. Bxg7 Nxg7 18. c5 Bd5 19. Qb6 Ne6 20. Qxc7 Nxc7
21. Nc4 Ne6 22. e4 Bxc4 23. Rxc4 Rbc8 24. Bh3 b5 $17 {Bakliwal,G-Murugan,K/
Calcutta op/1996/}) (4... d6 5. d4 c5 6. Bg2 cxd4 (6... Bd7 {Stohl} 7. c4 cxd4
8. Nxd4 Qc8 9. h3 O-O 10. Nc3 e6 11. Rc1 a6 12. Ba3 Qc7 13. O-O Rd8 14. e3 Be8
15. g4 Qa5 16. Bb2 Nc6 17. Nde2 d5 18. cxd5 Nxd5 19. Bxd5 Nb4 20. e4 exd5 21.
a3 Nc6 22. b4 Nxb4 23. axb4 Qxb4 24. Ba1 dxe4 25. Qe1 Rd3 $44 {Dizdarevic,
E-Horvath,C/Osijek/1993/}) 7. Nxd4 d5 8. O-O O-O 9. c4 dxc4 10. bxc4 Qb6 11.
Qb3 Nfd7 12. e3 Nc5 13. Qxb6 axb6 14. Nc3 e6 15. Rab1 Nbd7 16. Ba1 Na4 17. Ne4
Nac5 18. Nc3 Na4 19. Ne4 Nac5 $10 {1/2,Carlier,B-Cvitan,O/Cappelle la Grande
op/1996/}) 5. Bg2 d6 6. d4 (6. c4 {Stohl} e5 7. O-O O-O 8. e3 Nc6 9. Nc3 Bf5
10. d3 Qd7 11. Ng5 Ne8 12. e4 Bg4 13. f3 Be6 14. Nxe6 Qxe6 15. Nd5 Qd7 16. f4
exf4 17. Bxg7 Kxg7 18. Rxf4 f6 $10 {Blatny,P-Stohl,I/Prague Kottnauer mem/1996/
}) 6... Qa5+ (6... Ne4 $5 {Stohl} 7. O-O O-O 8. Nbd2 Nxd2 9. Qxd2 Nc6 10. c4
cxd4 11. Nxd4 Bd7 (11... Nxd4 $5 12. Bxd4 Bxd4 13. Qxd4 Qc7 {[%cal Yc8e6] /
\Be6=}) 12. Nb5 Bxb2 13. Qxb2 Rb8 14. Rfd1 Qa5 15. Rac1 Rfd8 16. h4 a6 17. Nc3
Qe5 18. Qd2 b5 19. Nd5 b4 20. f4 Qg7 21. Qe3 Kf8 22. Nc7 Qb2 23. Qd2 Qxd2 24.
Rxd2 Rdc8 25. Nxa6 Rb6 26. Nc5 $1 $14 {Barczay,L-Kirov,N/Lodz Makarczyk-mem/
1978/}) 7. Qd2 (7. Bc3 Qc7 8. O-O (8. dxc5 $6 Qxc5 9. O-O O-O 10. Bb2 Nc6 11.
Nbd2 Qh5 12. Re1 Bh3 $36 {Weindl,A-Lau,R/BL 8788 (1987) ;BL 80 1988} (12... Bh3
{Stohl} 13. Bh1 Rfe8 14. Nc4 d5 15. Ne3 Rad8 16. Nd4 e5 17. Bf3 Qg5 18. Nxc6
bxc6 19. Bg2 Bxg2 20. Nxg2 Qh5 21. e3 Qh3 22. f3 e4 23. Bxf6 Bxf6 24. Rb1 Bc3
$17 {Weindl,A-Lau,R/BL 8788/1987/})) (8. Nbd2 Nd5 $36) 8... cxd4 $6 (8... O-O
$142 $10) 9. Nxd4 Bd7 10. Bb2 O-O 11. c4 Nc6 12. Nc2 a6 13. Nc3 Rac8 14. Ne3
$14 {Voronova,T-Ionita,M/Bucharest-W ;EXT 91 1991}) (7. Nbd2 $6 {Stohl} Ne4 {
[%cal Re4c3] /\Nc3-/+}) 7... Qxd2+ (7... Qc7 8. c4 O-O 9. Nc3 a6 10. O-O cxd4
11. Nxd4 e6 12. Rfd1 $14 (12. Rfd1 {Stohl} Rd8 13. Rac1 Nbd7 14. h3 Nf8 15. Nf3
b6 16. Ng5 Bb7 17. Nce4 Bxe4 18. Bxe4 Rac8 19. Bg2 Qe7 20. Bd4 Rb8 21. Qb2 $14
{Volkmann,F-Kustar,S/Budapest ExpFS JulIM-A/1993/})) 8. Nbxd2 Na6 (8... Nfd7 $5
9. e3 Nc6 10. O-O-O O-O 11. Ne4 b6 (11... cxd4 {Stohl} 12. exd4 d5 $10) 12. c4
Bb7 13. d5 Na5 14. Bxg7 Kxg7 15. Nc3 a6 16. e4 Rfb8 17. Rhe1 (17. Bf1 $14 {
Stohl}) 17... b5 $132 {Kurajica,B-Kozul,Z/Zagreb zt (05) ;CBM 35 1993} (17...
b5 18. cxb5 axb5 19. Nxb5 Bc8 20. Nc3 c4 21. b4 Rxb4 22. Kd2 Rb2+ 23. Ke3 Nf6
24. h3 Nb7 25. Rb1 Rxb1 26. Rxb1 Ra3 27. Kd4 Nc5 $36 {Kurajica,B-Kozul,Z/
Zagreb zt/1993/})) (8... Nc6 {Stohl} 9. dxc5 dxc5 10. Ne4 $5 $36) 9. O-O-O $146
(9. O-O O-O 10. c4 cxd4 11. Nxd4 Nc5 12. Rfd1 Bd7 13. Nf1 Rab8 14. Ne3 Rfc8 15.
Rac1 {1/2-1/2 Hartoch,R-Watson,W/Wijk-B ;TD 87\06 1987}) 9... O-O (9... Ng4 {
Stohl} 10. Rhf1 cxd4 11. h3 $14) 10. h3 (10. c4 {Stohl} Bd7 11. d5 b5 $132)
10... Bd7 (10... cxd4 $142 11. Nxd4 d5 $10) 11. e4 (11. c4 {Stohl} Rab8 $10)
11... cxd4 12. e5 $5 {An interesting attempt to complicate a rather sedate
position.} (12. Nxd4 Nc5 (12... Nb4 {Stohl} 13. a3 Nc6 $10)) 12... dxe5 (12...
Nd5 $142 13. Bxd4 (13. Nxd4 Nab4 (13... dxe5 14. Bxd5 Nb4 15. Bxb7 Rab8 $10)
14. Bxd5 dxe5 (14... Nxd5 15. exd6 $14) 15. Bxb7 Rab8 $10) 13... Nab4 14. a3
Nc6 (14... dxe5 $6 15. Nxe5 Na2+ $2 16. Kb2 Nac3 17. Rde1 $18) 15. Bb2 dxe5 16.
Nc4 $14) (12... Ne8 $142 $1 {Stohl} 13. Nxd4 (13. exd6 Nxd6 14. Nxd4 Rac8 15.
Rhe1 Rfe8 $10) 13... Nc5 $5 (13... Rb8 14. Nc4 (14. exd6 Nxd6 $132) 14... dxe5
15. Nf3 $36) (13... dxe5 14. Bxb7 Rb8 15. Bxa6 exd4 16. Rhe1 $36 {[%csl Rd4,
Re7] ><d4,e7}) 14. exd6 Nxd6 $10) 13. Nxe5 Nb4 (13... Nc5 {Stohl} 14. Bxd4 Rac8
15. Bxc5 Rxc5 16. Nxd7 Nxd7 17. Bxb7 $16) 14. a3 (14. Bxb7 $2 {Stohl} Rab8 $17
{[%cal Rb4a2,Ra2c3] /\Na2-c3}) 14... Na2+ (14... Nc6 $6 15. Nxc6 (15. Rhe1 $5)
15... Bxc6 16. Bxc6 bxc6 17. Bxd4 $14 {_|_}) 15. Kb1 Nc3+ 16. Bxc3 dxc3 17.
Nxd7 (17. Ndc4 $6 {Stohl} Bc8 $13) 17... Nxd7 18. Nc4 Nc5 (18... Rad8 $5 19.
Bxb7 Bf6 $5 20. Na5 Nb8 $13) (18... Nb6 {Stohl} 19. Na5 $1 $16) 19. b4 Ne6 20.
Bxb7 Rad8 21. Rhf1 $1 (21. Rhe1 Bd4 22. Re2 Bf6 (22... Bxf2 23. Rxd8 Nxd8 24.
Rxf2 Nxb7 25. Ka2 $1 $14 {_|_}) 23. Ree1 Bd4 $10) (21. Rhe1 $142 $16 {Stohl})
21... Nd4 $6 (21... Bf6 $5) (21... Rd4 $10) 22. Rfe1 $1 Rd7 (22... Bf6 {/\e6})
23. Bg2 Rfd8 24. f4 (24. Rd3 {Stohl} Rc7 25. Na5 (25. Ne5 f6 {[%cal Ye7e5] /\e5
}) 25... e5 $132) 24... e6 (24... Nf5 $142 25. Rxd7 Rxd7 26. g4 Nd4 27. Rd1 $14
) 25. Be4 $1 {Helps Black by losing an important tempo.} (25. Rd3 $142 $5 Rc7 (
25... Nb5 $2 26. Rxd7 Rxd7 27. Bc6) 26. Ne5 $16) 25... Kf8 (25... Nf5 26. Rxd7
Rxd7 27. Bxf5 gxf5 28. Ka2 {/\Kb3+/- _|_}) 26. Rd3 $16 f5 27. Bg2 $2 (27. Bh1
$1 $16) 27... Ke7 28. Na5 $2 $138 (28. Bh1 $14) (28. Rde3 $14) (28. Red1 $6 Ne2
$1 $36) (28. Rxc3 $2 Nb5 $40) (28. Ree3 $5 $14 {/\Ne5}) 28... Nxc2 $1 {ץg2}
29. Nc6+ (29. Rxd7+ Rxd7 30. Kxc2 Rd2+ $19) 29... Kf8 $138 (29... Ke8 $142 $5
30. Rxe6+ Kf8 31. Kxc2 Rxd3 32. Nxd8 Rxd8 33. Re2 $10) 30. Nxd8 Nxa3+ (30...
Rxd3 $2 31. Nxe6+ Kg8 32. Kxc2 Rd2+ 33. Kc1 Rxg2 34. Nxg7 Kxg7 35. Re3 $18 {_|_
}) 31. Ka2 Rxd3 32. Nxe6+ Kg8 33. Bf1 $1 (33. Nxg7 $2 c2 $1 (33... Nc2 34. Rc1
Ne3 $17) 34. Nxf5 Rd1 $1 (34... gxf5 35. Rc1) 35. Re8+ Kf7 36. Rc8 gxf5 (36...
c1=Q $2 37. Bd5+ $1) 37. Kxa3 c1=Q+ 38. Rxc1 Rxc1 $19) (33. Kxa3 $2 c2+ 34. Ka2
Rd1 $19) 33... Nc2 (33... Rxg3 $2 34. Kxa3 c2+ 35. Ka2 Re3 36. Rc1 Rxe6 37. Bc4
$18) 34. Rc1 Rd2 (34... Nxb4+ $5 35. Kb3 a5 $1 (35... Rd6 $2 36. Kxb4 $18) (
35... Re3 36. Kxb4 $18 {/\} Rxe6 37. Bc4 Kf7 38. Re1) 36. Bxd3 (36. Nxg7 Rxg3
37. Ne6 c2+ 38. Ka4 Rg1 39. Nc5 Nd5 40. Nb3 Kg7 $15) 36... Nxd3 37. Rc2 Bf6 $15
) 35. Kb3 Nd4+ $2 $138 (35... Ne3 $1 36. Nxg7 c2 (36... Kxg7 37. Kxc3 Nxf1 (
37... Rh2 38. Bb5 Rxh3 39. Kd4 $1 Ng4 $8 40. Rc3 Nf6 41. Ra3 $132 {o^b}) 38.
Rxf1 $10 (38. Rxf1 Rg2 39. Rf3 $10)) 37. Nxf5 $1 (37. Ne6 $6 Nxf1 (37... Rd1
$17) 38. Kc3 $1 (38. Rxc2 Rxc2 39. Kxc2 Nxg3 $17) 38... Rd1 $1 39. Rxc2 Re1 $17
) (37. Ne8 Nxf1 38. Rxc2 (38. Rxf1 $2 Rd1) 38... Rxc2 39. Kxc2 Nxg3 $17) 37...
gxf5 38. Bb5 Rg2 (38... Rd1 39. Kb2 $1 {/\Ba4=}) 39. Bd3 Rxg3 40. Bxc2 Rxh3 41.
Ra1 Nd1+ (41... Nxc2+ 42. Kxc2 Rf3 43. Rxa7 Rxf4 44. b5 Rb4 45. Rb7 f4 46. Kd3
$10 {Ph+f, עg8}) 42. Ka2 $1 Rh2 43. Kb3 $10) 36. Kxc3 Nf3+ 37. Nxg7 Kxg7 {
Stohl: The position has turned around again in Black's habitual time-pressure.
White has a strong B and Black has problems with his N. Now Black's active
pieces will end up misplaced.} 38. Ra1 $1 Rd7 39. Bb5 $5 Re7 (39... Rc7+ 40.
Kd3 g5 41. Ke3 g4 42. hxg4 (42. h4 Re7+) 42... fxg4 43. Be2 h5 $1 $16) 40. Bc6
(40. Rd1 $142 $14) 40... Rc7 $2 $138 (40... Re3+ $142 41. Kc4 (41. Kc2 Nd4+ 42.
Kd2 Rxg3 43. Rxa7+ Kf8 44. Bd5 Rxh3 45. Rb7 h6 $10) 41... Nd2+ 42. Kd5 (42. Kb5
Rxg3 (42... Re7 43. Rd1 Ne4 $10) 43. Rxa7+ Kh6 44. Rd7 $10 {o^b}) 42... Re7 43.
Kd6 Kf6 $1 $10) 41. b5 g5 $8 42. Kd3 gxf4 $2 (42... g4 $8 43. hxg4 fxg4 44.
Bxf3 (44. Rf1 $16) 44... gxf3 45. Ke3 Rc3+ (45... Rb7 46. Ra5) 46. Kf2 Rb3 (
46... Kg6 47. g4 $18) 47. Rxa7+ Kg6 48. Rb7 h5 49. Rb8 Kf5 50. Rg8 $1 Ke4 51.
Re8+ Kf5 52. Re5+ Kg6 53. Rc5 $18 {_|_}) 43. Bxf3 fxg3 44. Ke3 1-0

[Event "ROM-chT"]
[Site "Sovata"]
[Date "1998.??.??"]
[Round "5"]
[White "Mateuta, Gabriel"]
[Black "Milu, Romeo Sorin"]
[Result "1/2-1/2"]
[WhiteElo "2390"]
[BlackElo "2395"]
[Annotator "Bulletin"]
[PlyCount "100"]
[EventDate "1998.??.??"]
[EventType "team"]
[EventRounds "5"]
[EventCountry "ROU"]
[SourceTitle "EXT 1999"]
[Source "ChessBase"]
[SourceDate "1998.11.16"]
[SourceVersion "1"]
[SourceVersionDate "1998.11.16"]
[SourceQuality "1"]

1. d4 Nf6 2. Nf3 g6 3. g3 Bg7 4. Bg2 O-O 5. O-O d6 6. Re1 c5 7. c3 Qb6 8. d5
Qc7 9. a4 Bf5 10. Nbd2 Qc8 11. e4 Bh3 12. Bh1 e5 13. Nc4 Ne8 14. Ng5 Bg4 15. f3
Bd7 16. f4 f6 17. Nf3 exf4 18. Bxf4 Qd8 19. b4 Na6 20. Rb1 Rc8 21. b5 Nb8 22.
b6 a6 23. Na5 Qe7 24. Nd2 Rd8 25. Ndc4 Rf7 26. Bg2 Qf8 27. Rf1 Bh6 28. Qd2 Bxf4
29. Rxf4 Bc8 30. Rbf1 Qe7 31. Qf2 Nd7 32. Bh3 Ne5 33. Bxc8 Rxc8 34. Qe2 Nxc4
35. Nxc4 Rd8 36. Qd3 Rd7 37. g4 Qf8 38. Kg2 Rd8 39. h3 Qh6 40. Qg3 g5 41. Rf5
Rdd7 42. Qe3 Qg6 43. e5 dxe5 44. Qxc5 Qg7 45. d6 (45. Qc8 $18 Rf8 (45... Rfe7
46. d6 Re6 47. Rxf6) 46. Nxe5) 45... Qf8 46. Rd1 Ng7 47. Ne3 Ne8 48. Nc4 Ng7
49. Ne3 Ne8 50. Nc4 Ng7 1/2-1/2

[Event "Seville op 41st"]
[Site "Seville"]
[Date "2016.01.14"]
[Round "7"]
[White "Burmakin, Vladimir"]
[Black "Paunovic, Dragan"]
[Result "1-0"]
[WhiteElo "2539"]
[BlackElo "2432"]
[Annotator "CB"]
[PlyCount "127"]
[EventDate "2016.01.08"]
[EventType "swiss"]
[EventRounds "9"]
[EventCountry "ESP"]
[SourceTitle "CBM 170 Extra"]
[Source "ChessBase"]
[SourceDate "2016.02.25"]
[SourceVersion "1"]
[SourceVersionDate "2016.02.25"]
[SourceQuality "1"]

1. d4 d6 2. g3 Nf6 3. Bg2 g6 4. b3 Bg7 5. Bb2 O-O 6. Nf3 c5 7. O-O Nc6 8. d5
Na5 9. Re1 b5 10. e4 Bb7 11. Nbd2 Re8 12. a3 Qc7 13. b4 cxb4 14. axb4 Nc4 15.
Nxc4 Qxc4 (15... bxc4 16. Bd4 $16) 16. Bf1 {Diagrama [#]} Qxb4 $6 (16... Qc7
17. Bxb5 $16) 17. Bd4 $18 e5 (17... Nxe4 18. Rb1 (18. Rxe4 Bxd5 19. c3 Qb2 20.
Rb1 Qa2 21. Re1 $16) 18... Qa4 (18... Bxd4) (18... Qxd4 19. Nxd4 Nc3 20. Qd2
Nxb1 21. Rxb1 $18) 19. Bxb5 $18) 18. c3 $6 {uno de esos casos en que ves una
buena y no buscas otra mejor} (18. dxe6 fxe6 (18... Rxe6 19. c3 Qb2 20. Re2 $18
) 19. c3 Qb2 20. Re2 $18) 18... Qb2 19. Re2 Qxa1 20. Qxa1 exd4 21. Nxd4 $16
Nxe4 22. Nxb5 a6 23. Nc7 Nxc3 24. Rxe8+ Rxe8 25. Qa3 {Diagrama [#]} (25. Qa5
$16) 25... Rd8 $6 (25... Re1 26. Qxd6 Bf8 27. Qb6 Rb1 (27... Bxd5 28. Nxd5 Nxd5
29. Qxa6 $16) 28. Qe3 Bg7 29. h4 $16) 26. Qb4 Bc8 27. Qb6 (27. Bxa6 Bxa6 28.
Nxa6 Nxd5 29. Qb7 Nf6 30. Qb6 Re8 31. Qxd6 $16) 27... Bf6 28. Bxa6 Bxa6 29.
Qxa6 h5 30. Kg2 Ne4 31. Nb5 Nc3 32. Nc7 Ne4 33. Qa4 Nc3 34. Qc6 Ne2 35. Na6 Nd4
36. Qc7 Nf5 37. Qc6 Be7 38. Nc7 Bf6 39. Qb7 Rd7 40. h3 Re7 41. Qa8+ Kh7 42. Nb5
Kg7 43. Kf1 Re4 44. Qc6 Be5 45. Qd7 Kg8 46. Qe8+ Kg7 47. Nc7 Rb4 48. Qd7 Rb8
49. Ne6+ Kg8 50. Nd8 Nh6 51. Nc6 Rb1+ 52. Kg2 Bf6 53. Qxd6 Kg7 54. Qd7 Rd1 55.
g4 hxg4 56. hxg4 g5 57. f3 Rd2+ 58. Kf1 Bc3 59. d6 Bf6 60. Qc7 Ng8 61. d7 Rc2
62. Qd6 Rc3 63. Kg2 Rc2+ 64. Kg3 {Diagrama [#]} (64. Kg3 Rc1 65. d8=Q Bxd8 66.
Nxd8 Re1 67. Qd5 $18) 1-0